Kegyeletes iskolai ünnepély

Správa o tom, že Humenská židovská obecná škola dňa 16. júna 1908 usporiadala pietnu spomienku na svojho rodáka, mecéna, lekára Dr. Žigmunda Vályiho (1842-1904). Menovaný pôsobil v Humennom, Michalovciach a naposledy pracoval ako zdravotný radca pri uhorských kráľovských železniciach v Budapešti. Je...

Celý popis

Podrobná bibliografia
Médium: Článok
Jazyk:Hungarian
Témy:
Zdroj: 1. Felvidéki Hirlap : Közgazdasági, társadalmi és szépirodalmi hetilap 1. Roč. 1, č. 15 (21.06.1908) s. 2
LEADER 01695nab#a2200385#ar4500
001 000072844
003 SVKKK
005 20120127150939.0
008 080512d1908 xo |||||||||||||||b|hun
FMT
038 |a SVKKK 
040 |a SVKKK  |b slo  |e AACR2 
041 0 |a hun 
044 |a xo  |c SK 
080 |a 296:177.7  |2 1981 
080 |a 929 Vályi, Žigmund  |2 1981 
242 1 0 |a Pietna školská oslava  |y slo 
245 1 0 |a Kegyeletes iskolai ünnepély 
500 |a Popis z mikrofilmu 
500 |a Dohľadanie 
520 2 |a Správa o tom, že Humenská židovská obecná škola dňa 16. júna 1908 usporiadala pietnu spomienku na svojho rodáka, mecéna, lekára Dr. Žigmunda Vályiho (1842-1904). Menovaný pôsobil v Humennom, Michalovciach a naposledy pracoval ako zdravotný radca pri uhorských kráľovských železniciach v Budapešti. Jeho rodné meno Weiszberg. V testamente prejavil svoju dobročinnosť o.i. aj tým, že obdaroval židovskú obecnú školu v Humennom 
600 1 4 |a Vályi, Žigmund  |c Weiszberg (rodné meno)  |d 1842-1904  |x lekár  |z Humenné (Slovensko)  |x rodák  |z Humenné, Michalovce (Slovensko), Budapešť (Maďarsko)  |x pôsobenie 
610 2 4 |a židovská obecná škola (Humenné, Slovensko) 
650 0 4 |a podujatie spomienkové  |x testament lekára (téma)  |z Humenné (Slovensko)  |y 16.06.1908 
655 4 |a hungariká 
773 0 |t Felvidéki Hirlap : Közgazdasági, társadalmi és szépirodalmi hetilap  |g Roč. 1, č. 15 (21.06.1908) s. 2 
957 |a Humenné 
958 |a CI 
958 |a DG 
958 |a HU 
974 |a Ba 
992 |a RBX 
997 |a Weiszberg, Žigmund pozri Vályi, Žigmund  |d Homonna p. Humenné 
BAS
998 |a RETRO